000 00627nam a2200301Ia 4500
001 8978
008 191123s9999 xx 000 0 und d
041 _aspa
044 _aag
100 _aMartini, Alberto,
245 0 _aRenoir.
260 _aBuenos Aires :
_bCodex,
_c1964.
300 _a20 p.
_bilustrado
650 _aBIOGRAFIAS
650 _aPAYRO, JULIO E.
650 _aPINTURAS
650 _aRENOIR, AUGUSTO
902 _aM
903 _am
904 _am
905 _a5
907 _aimpreso
911 _ailustrado
912 _a1964
942 _cLIBRO
999 _c6663
_d6663
550 _ailustrado